ပုဂံသား မောင်ဘကျော် / (Record no. 27123)

000 -LEADER
fixed length control field 01139nam a22002057a 4500
005 - DATE AND TIME OF LATEST TRANSACTION
control field 20260124093217.0
008 - FIXED-LENGTH DATA ELEMENTS--GENERAL INFORMATION
fixed length control field 230713b ||||| |||| 00| 0 eng d
040 ## - CATALOGING SOURCE
Transcribing agency SSBUL
Modifying agency SSBUL
082 ## - DEWEY DECIMAL CLASSIFICATION NUMBER
Edition number 23
Classification number ၉၂၇.၇၉၂၅၉၂ မြင့် ၁၆၀၃၉ (S-SAT)
100 ## - MAIN ENTRY--PERSONAL NAME
Personal name မြင့်အောင်၊
Titles and words associated with a name မန်တျာ-။
9 (RLIN) 27873
245 ## - TITLE STATEMENT
Title ပုဂံသား မောင်ဘကျော် /
Statement of responsibility, etc. ပန်တျာမြင့်အောင်။
260 ## - PUBLICATION, DISTRIBUTION, ETC.
Place of publication, distribution, etc. ရန်ကုန်၊
Name of publisher, distributor, etc. စာပေဗိမာန်၊
Date of publication, distribution, etc. ၁၉၆၇။
300 ## - PHYSICAL DESCRIPTION
Extent ၁၂၆ စာမျက်နှာ၊
Dimensions ၁၉ စင်တီ။
440 ## - SERIES STATEMENT/ADDED ENTRY--TITLE
Title စာပေဗိမာန်ထုတ် ပြည်သူ့လက်စွဲစာစဉ်။
9 (RLIN) 27865
500 ## - GENERAL NOTE
General note S-SAT: Dr. Prof Sai Aung Tun
650 ## - SUBJECT ADDED ENTRY--TOPICAL TERM
Topical term or geographic name entry element အနုပညာရှင်များ။
9 (RLIN) 27874
Topical term or geographic name entry element မြန်မာနိုင်ငံ
General subdivision အတ္ထုပ္ပတ္တိ။
9 (RLIN) 27871
Topical term or geographic name entry element ဘကျော်၊
Form subdivision မောင်၊
General subdivision ပုဂံသား၊
Geographic subdivision အတ္ထုပ္ပတ္တိ။
9 (RLIN) 27875
942 ## - ADDED ENTRY ELEMENTS (KOHA)
Source of classification or shelving scheme
Koha item type Book (Short term)
Holdings
Withdrawn status Lost status Source of classification or shelving scheme Damaged status Not for loan Collection code Permanent Location Current Location Shelving location Date acquired Total Checkouts Full call number Barcode Date last seen Price effective from Koha item type Accession
          Reference Collection Shan State Buddhist University Library Shan State Buddhist University Library Special Collection Shelves 13/07/2023   ၉၂၇.၇၉၂၅၉၂ မြင့် ၁၆၀၃၉ (S-SAT) MB00016039 13/07/2023 13/07/2023 Book (Short term) ၁၆၀၃၉ (S-SAT)

Library - 09407999929
Admin Office - 09407999979
Dean Office - 09250910768
Registrar Office - 09892297154
Email - [email protected]
Shan State Buddhist University, Phaya Phyu Taunggyi, Shan State, Myanmar.